000 01143 a2200241 4500
005 20080916123719.0
008 080916t xxu||||| |||| 00| 0 hin d
010 _aHIN-80909
020 _c200.00
_a8190417614
035 _aHN-53255
037 _bD.B.Act / pub
082 _a
100 _aचन्द्रकुमार 'सुकुमार'
245 _aप्यास का पेमेन्ट
_cचन्द्रकुमार 'सुकुमार'
246 _aPyas ka Payment
_bby Chanderkumar 'Sukumar'
260 _aजयपुर
_bअनामय प्रकाशन
_c2006
300 _a144पृ
_c22 सेमी (सजिल्द)
650 _aहिन्दी कहानियाँ
650 _aHindi Stories
270 _bजयपुर
_aई-776/7, लाल कोठी योजना
_e302015
_k2741219
942 _adpl
_cHN
_kक / चन्द्रकु
_2ddc
_h
_m चन्द्रकु
999 _c7286
_d7286